Kalkınmanın yolu. (Record no. 47354)

MARC details
000 -LEADER
fixed length control field 00541cam a22002051 4500
001 - CONTROL NUMBER
control field ne 64002182
003 - CONTROL NUMBER IDENTIFIER
control field DLC
005 - DATE AND TIME OF LATEST TRANSACTION
control field 20260227111804.0
008 - FIXED-LENGTH DATA ELEMENTS--GENERAL INFORMATION
fixed length control field 930216s1964 tu 000 0 tur
010 ## - LIBRARY OF CONGRESS CONTROL NUMBER
LC control number ne 64002182
035 ## - SYSTEM CONTROL NUMBER
System control number (OCoLC)27451725
040 ## - CATALOGING SOURCE
Original cataloging agency DLC
Transcribing agency CU
Modifying agency DLC
042 ## - AUTHENTICATION CODE
Authentication code premarc
050 00 - LIBRARY OF CONGRESS CALL NUMBER
Classification number HC405
Item number .O33
100 1# - MAIN ENTRY--PERSONAL NAME
Personal name Oğuz, A. Yaşar.
245 10 - TITLE STATEMENT
Title Kalkınmanın yolu.
Statement of responsibility, etc. [Yazan] A. Yaşar Oğuz.
260 ## - PUBLICATION, DISTRIBUTION, ETC.
Place of publication, distribution, etc. Ankara,
Name of publisher, distributor, etc. Ayyıldız Matbaası,
Date of publication, distribution, etc. 1964.
300 ## - PHYSICAL DESCRIPTION
Extent 90 p.
Dimensions 17 cm.
651 #0 - SUBJECT ADDED ENTRY--GEOGRAPHIC NAME
Geographic name Turkey
General subdivision Economic policy.

No items available.

Powered by Koha